000 00657nam a2200241Ia 4500
003 OSt
005 20220918204103.0
006 a|||||r|||| 00| 0
007 ta
008 220917b |||||||| |||| 00| 0 eng d
024 _a110,921
037 _cTextual
040 _aARTS
_cARTS
_beng
041 _2eng
_aeng
082 _aV5:8-1:N14<-M15, K8
100 _aAlbrecht-Carrie Rene
_9110648
245 0 _aConcert of Europe
260 _c1968
490 _aDocumentary history of western civilization, ed by Eugene
650 _aHISTORY
942 _hV5:8-1:N14<-M15, K8
_cTEXL
_2CC
999 _c234270
_d234270